| Tag |
First Indicator |
Second Indicator |
Subfields |
| LEADER |
00000cgm a2200000Ka 4500 |
| 001 |
in00002588430 |
| 005 |
20151201114743.0 |
| 007 |
vd cvaizq |
| 008 |
050825s2005 cau100 g vleng d |
| 020 |
|
|
|a 0788859838
|
| 020 |
|
|
|a 9780788859830
|
| 024 |
1 |
|
|a 786936286519
|
| 028 |
4 |
2 |
|a 40425
|b Walt Disney Home Entertainment
|
| 035 |
|
|
|a (OCoLC)ocm61347188
|
| 035 |
|
|
|a (OCoLC)61347188
|
| 037 |
|
|
|b Midwest Tapes
|n http://www.midwesttapes.com
|
| 040 |
|
|
|a TEFMT
|c TEFMT
|d RCS
|d LEO
|d RCS
|d OCLCQ
|d EHH
|d BTCTA
|d OCLCQ
|d OMP
|d OCLCQ
|d RCS
|d FLR
|d UtOrBLW
|
| 049 |
|
|
|a TXAM
|
| 050 |
1 |
4 |
|a PN1997.M866
|b M866 2005
|
| 082 |
0 |
4 |
|a 791.43/72
|2 22
|
| 090 |
|
|
|a PN1997
|b .M863 2005
|
| 245 |
0 |
0 |
|a Muppet Treasure Island /
|c Jim Henson Productions ; Walt Disney Pictures ; producers, Martin G. Baker, Brian Henson ; screenplay by Jerry Juhl & Kirk R. Thatcher and James V. Hart ; directed by Brian Henson.
|
| 250 |
|
|
|a 50th anniversary ed.
|
| 264 |
|
1 |
|a Burbank, CA :
|b Walt Disney Home Entertainment :
|c [2005]
|
| 264 |
|
2 |
|a Burbank, CA :
|b Distributed by Buena Vista Home Entertainment,
|
| 300 |
|
|
|a 1 videodisc (approximately 100 min.) :
|b sound, color ;
|c 4 3/4 in.
|
| 336 |
|
|
|a two-dimensional moving image
|b tdi
|2 rdacontent
|
| 337 |
|
|
|a video
|b v
|2 rdamedia
|
| 338 |
|
|
|a videodisc
|b vd
|2 rdacarrier
|
| 538 |
|
|
|a DVD; region 1; Dolby Digital.
|
| 546 |
|
|
|a Subtitles for the deaf and hard of hearing.
|
| 500 |
|
|
|a Title from container.
|
| 511 |
1 |
|
|a Tim Curry, Kevin Bishop, Billy Connolly.
|
| 511 |
0 |
|
|a Voices: Dave Goelz, Steve Whitmire, Jerry Nelson, Kevin Clash, Bill Barretta, Frank Oz.
|
| 508 |
|
|
|a Director of photography, John Fenner ; editor, Michael Jablow ; music, Hans Zimmer ; costume designer, Polly Smith ; production designer, Val Strazovec.
|
| 500 |
|
|
|a Based on the novel "Treasure Island" by Robert Louis Stevenson.
|
| 500 |
|
|
|a Originally released as a motion picture in 1996.
|
| 521 |
8 |
|
|a MPAA rating: G.
|
| 520 |
|
|
|a When young Billy comes to possess a secret treasure map, he sets sail with mild-mannered Capt. Smollet and a host of assorted Muppets and humans in search of the wealth. Their adventure is filled with songs, wacky humor, and irreverent silliness.
|
| 500 |
|
|
|a Videorecording.
|
| 650 |
|
0 |
|a Muppets (Fictitious characters)
|v Drama.
|
| 650 |
|
0 |
|a Treasure Island (Imaginary place)
|v Drama.
|
| 650 |
|
1 |
|a Muppets (Fictitious characters)
|v Drama.
|
| 650 |
|
1 |
|a Treasure Island (Imaginary place)
|v Drama.
|
| 655 |
|
7 |
|a Feature films.
|2 lcgft
|
| 655 |
|
7 |
|a Puppet films.
|2 lcgft
|
| 655 |
|
7 |
|a Children's films.
|2 lcgft
|
| 655 |
|
7 |
|a Video recordings for the hearing impaired.
|2 lcgft
|
| 700 |
1 |
|
|a Henson, Brian.
|
| 700 |
1 |
|
|a Baker, Martin G.
|
| 700 |
1 |
|
|a Juhl, Jerry.
|
| 700 |
1 |
|
|a Thatcher, Kirk R.
|
| 700 |
1 |
|
|a Hart, James V.
|
| 700 |
1 |
|
|a Curry, Tim.
|
| 700 |
1 |
|
|a Bishop, Kevin,
|d 1980-
|
| 700 |
1 |
|
|a Connolly, Billy.
|
| 700 |
1 |
|
|a Stevenson, Robert Louis,
|d 1850-1894.
|t Treasure Island.
|
| 710 |
2 |
|
|a Jim Henson Productions.
|
| 710 |
2 |
|
|a Walt Disney Home Entertainment (Firm)
|
| 710 |
2 |
|
|a Buena Vista Home Entertainment (Firm)
|
| 938 |
|
|
|a Baker and Taylor
|b BTCP
|n be2005022493
|
| 994 |
|
|
|a C0
|b TXA
|
| 948 |
|
|
|a cataloged
|b h
|c 2010/4/13
|d c
|e blrosas
|f 8:50:47 am
|
| 999 |
|
|
|a MARS
|
| 999 |
f |
f |
|s a6a65552-0444-39fa-838b-d8cebd8533b2
|i 918e20b2-27e4-316e-9ef1-6961868d01cb
|t 0
|
| 952 |
f |
f |
|p dvd
|a Texas A&M University
|b College Station
|c Sterling C. Evans Library
|d Evans: Media and Reserves (Annex 1st floor)
|t 0
|e PN1997 .M863 2005
|h Library of Congress classification
|i video -- videodisc
|m A14839142161
|
| 998 |
f |
f |
|a PN1997 .M863 2005
|t 0
|l Evans: Media and Reserves (Annex 1st floor)
|